| 000 | 03089cam a22004814a 4500 | ||
|---|---|---|---|
| 001 | 6700122 | ||
| 003 | OSt | ||
| 005 | 20180117090003.0 | ||
| 008 | 070215s2007 nyuab b 001 0 eng | ||
| 010 | _a 2007271322 | ||
| 015 |
_aGBA742256 _2bnb |
||
| 016 | 7 |
_a013749262 _2Uk |
|
| 020 | _a9788126552344 (alk. paper) | ||
| 020 | _a0471794686 (alk. paper) | ||
| 029 | 1 |
_aYDXCP _b2478722 |
|
| 029 | 1 |
_aNZ1 _b11220940 |
|
| 029 | 1 |
_aNZ1 _b11190505 |
|
| 029 | 1 |
_aNLGGC _b304128163 |
|
| 029 | 1 |
_aAU@ _b000041324187 |
|
| 035 | _a(OCoLC)ocm82861470 | ||
| 035 |
_a(OCoLC)82861470 _z(OCoLC)82772226 |
||
| 035 | _a(NNC)6700122 | ||
| 040 |
_aDLC _cDLC _dSISMU _dYDXCP _dBAKER _dBTCTA _dUKM _dNLGGC _dOrLoB-B |
||
| 050 | 0 | 0 |
_aHF1411 _b.S239 2007 |
| 082 | 0 | 4 |
_a337 _222 |
| 084 |
_a83.40 _2bcl |
||
| 100 | 1 | _aSalvatore, Dominick. | |
| 245 | 1 | 0 |
_aInternational economics / trade and finance _cDominick Salvatore. |
| 250 | _a11th ed. | ||
| 260 |
_a[New York] : _bJ. Wiley, _cc2014. |
||
| 300 |
_axxvi, 757 p. : _bill. (some col.), col. map ; _c25 cm. |
||
| 500 | _aMap on lining paper. | ||
| 504 | _aIncludes bibliographical references and index. | ||
| 505 | 0 | 0 |
_gCh. 1. _tIntroduction -- _gCh. 2. _tThe law of comparative advantage -- _gCh. 3. _tThe standard theory of international trade -- _gCh. 4. _tDemand and supply, offer curves, and the terms of trade -- _gCh. 5. _tFactor endowments and the Heckscher-Ohlin theory -- _gCh. 6. _tEconomies of scale, imperfect competition, and international trade -- _gCh. 7. _tEconomic growth and international trade -- _gCh. 8. _tTrade restrictions : tariffs -- _gCh. 9. _tNontariff trade barriers and the new protectionism -- _gCh. 10. _tEconomic integration : customs unions and free trade areas -- _gCh. 11. _tInternational trade and economic development -- _gCh. 12. _tInternational resource movements and multinational corporations -- _gCh. 13. _tBalance of payments -- _gCh. 14. _tForeign exchange markets and exchange rates -- _gCh. 15. _tExchange rate determination -- _gCh. 16. _tThe price adjustment mechanism with flexible and fixed exchange rates -- _gCh. 17. _tThe income adjustment mechanism and synthesis of automatic adjustments -- _gCh. 18. _tOpen-economy macroeconomics : adjustment policies -- _gCh. 19. _tPrices and output in an open economy : aggregate demand and aggregate supply -- _gCh. 20. _tFlexible versus fixed exchange rates, the European monetary system, and macroeconomic policy coordination -- _gCh. 21. _tThe international monetary system : past, present, and future. |
| 650 | 0 | _aInternational economic relations. | |
| 650 | 1 | 7 |
_aInternationale economische betrekkingen. _2gtt |
| 856 | 4 | 2 |
_3Publisher description _uhttp://www.loc.gov/catdir/enhancements/fy0814/2007271322-d.html |
| 856 | 4 | 1 |
_3Table of contents only _uhttp://www.loc.gov/catdir/enhancements/fy0814/2007271322-t.html |
| 900 | _bTOC | ||
| 942 |
_2ddc _cBK |
||
| 948 | 1 |
_a20080616 _bc _csds12 _dMPS |
|
| 999 |
_c3328 _d3328 |
||